Vista normal
Vista MARC
Entrada Materia (tema)
Número de registros utilizados en: 1
001 - CONTROL NUMBER
- control field: 100708
003 - CONTROL NUMBER IDENTIFIER
- control field: Co-BoUCM
005 - DATE AND TIME OF LATEST TRANSACTION
- control field: 20200818170046.0
008 - FIXED-LENGTH DATA ELEMENTS
- fixed length control field: 200818|| aca||aabn | a|a d
040 ## - CATALOGING SOURCE
- Original cataloging agency: Co-BoUCM
- Transcribing agency: Co-BoUCM
150 ## - HEADING--TOPICAL TERM
- Topical term or geographic name as entry element: Ciencia
- General subdivision: Teorías
670 ## - SOURCE DATA FOUND
- Source citation: Work cat.: (Co-BoUCM)6018: Geymonat, Ludovico 1908- 100706, Filosofía y filosofía de la ciencia, 1972